Estética
Na minha lista:
| Autor principal: | |
|---|---|
| Formato: | Livro |
| Idioma: | espanhol |
| Publicado em: |
Buenos Aires
Siglo Veinte
1983
|
| Assuntos: | |
| Tags: |
Adicionar Tag
Sem tags, seja o primeiro a adicionar uma tag!
|
MARC
| LEADER | 00000nam a2200000 a 4500 | ||
|---|---|---|---|
| 001 | UCV7506 | ||
| 003 | CL-VaPUC | ||
| 008 | 880503e19830000AG |||||||||||||||||spa|d | ||
| 082 | 0 | 4 | |a 701.17 |b HEG |2 21 |
| 100 | |a Hegel, Georg Wilhelm Friedrich |e autor |9 580639 | ||
| 245 | 1 | 0 | |a Estética |
| 300 | |a 8 v | ||
| 942 | |c BK | ||
| 945 | |d 19880503 00:00:00 | ||
| 260 | |a Buenos Aires |b Siglo Veinte |c 1983 | ||
| 500 | |a v.1: Introducción | ||
| 500 | |a v.2: La idea de lo bello artístico o lo ideal | ||
| 500 | |a v.3: La forma del arte simbolico | ||
| 500 | |a v.4: La forma del arte clásico | ||
| 500 | |a v.5: La forma del arte romántico | ||
| 500 | |a v.6: El sistema de las artes particulares: la arquitectura y la escultura | ||
| 500 | |a v.7: La pintura y la música | ||
| 500 | |a v.8: La poesía | ||
| 650 | 0 | |a Estética |9 264950 | |
| 650 | 0 | |a Filosofía del arte |9 264951 | |
| 583 | |a last modification |c 19880503 00:00:00 |k Rodrigo Vera | ||
| 999 | |c 213167 |d 213165 | ||
| 952 | |0 0 |1 0 |4 0 |6 701_170000000000000_HEG_1983 |7 0 |8 A |9 195253 |a BIBARQ |b BIBARQ |d 2019-11-14 |h v.2 |i 2633426 |o 701.17 HEG 1983 |p 2633426 |r 2025-01-20 |w 2019-11-14 |y BK |k ARQ | ||
| 952 | |0 0 |1 0 |4 0 |6 701_170000000000000_HEG_1983 |7 0 |8 A |9 195254 |a BIBARQ |b BIBARQ |d 2019-11-14 |h v.3 |i 2633434 |l 2 |o 701.17 HEG 1983 |p 2633434 |r 2025-01-20 |s 2023-04-17 |w 2019-11-14 |y BK |k ARQ | ||